Matemática 5 /

Guardado en:
Autor Principal: Rojo, Armando O.
Otros Autores: Sánchez, Silvia C., Greco, Mario
Formato: Libro
Publicado: Buenos Aires : El Ateneo, 1983
Materias:
Etiquetas: Agregar Etiqueta
Sin Etiquetas, Sea el primero en etiquetar este registro!
LEADER 01025nam a22002295a 4500
001 CEM.cems017861
005 20121107101034.0
008 130507s1983##################000#0#####d
003 CEMS
020 |a 9500272520 
082 0 4 |a 510 
100 1 |a Rojo, Armando O. 
245 1 0 |a Matemática 5 /  |c Armando O. Rojo, Silvia C. Sánchez y Mario Greco 
260 |a Buenos Aires :  |b El Ateneo,  |c 1983 
300 |a 249 p. 
505 0 |a Sistemas de medición angular, funciones trigonométricas -- Valores de las funciones trigonométricas de ángulos particulares, reducción al primer cuadrante -- Triángulos oblicuangulos, formulas de adición -- Resolución de triángulos planos -- Triángulos esféricos, propiedades -- Límite -- Continuidad -- Derivadas -- Primitivas -- Respuestas a los trabajos prácticos 
653 |a Matemática 
653 |a Matemática-polimodal 
653 |a Matemática-esb 
700 1 |a Sánchez, Silvia C. 
700 1 |a Greco, Mario 
859 |a CEMS  |b BIB. CEMS - Agricultura  |h 510  |i R638  |p A1617.12  |t Ej.1  |v 5  |3 5